Qui a dit cette réplique marvel #11 - Statistiques

Statistiques générales
  • Ce quiz a été pris 696 fois
    248 depuis la dernière actualisation
  • Le résultat moyen est 10 sur 17
Statistiques - réponses
Hint Réplique Réponse % Correct
3 Jarvis il faut parfois savoir courir avant de savoir marcher. Iron man (Tony Stark)
97%
5 Ça suffit ! Vous êtes inférieur à moi ! Je suis un dieu, stupide créature. Je ne me laisserai pas malmener par... Loki
93%
14 Groot met ta ceinture ! Star Lord (Peter Quill)
88%
6 Wanda que savez vous du multivers ? Doctor strange (Steven Strange)
87%
10 Je crois que je n'ai jamais discuté aussi longtemps avec aucune autre. Les filles ne se précipitent pas pour danser avec un type qu'elle domine d'une tête. Captain America (Steve Rogers)
83%
16 C'est pas la première fois qu'il meurt. Sauf que cette fois je crois qu'il est mort pour de vrai. Thor
83%
1 T'avais le choix entre lui et un arbre. Nebula
68%
9 Nous avons juré de protéger jusqu'a la mort, la Pierre du Temps. Wong
65%
2 Il faut que j'y retourne parce que c'est mon job. Hawkeye (Clint Barton)
61%
8 Un jour ou l'autre nous devons tous choisir entre ce que le monde attend de nous et ce que nous sommes. Black Widow (Natasha Romanoff)
60%
4 Je suis sûr que vous pouvez trouver quelqu'un d'autre. Pourquoi pas Thor ? Spider man (Peter Parker)
60%
17 Vous êtes Hawkeye !! Kate Bishop
59%
15 Tu n'es plus Iron man. Tu n'es qu'un type saoul dans un habit de métal. War machine (james Rhodes)
59%
12 Vous pensez savoir comment tourne le monde. Vous croyez qu'il se limite à cet aspect matériel ? L'ancien
36%
7 Franchement pour un SDF cinglé il est plutôt canon. Darcy Lewis
19%
11 Vous êtes les filles les plus dures au monde ! Red Gardian (Alexei)
14%
13 Ça va les nazes ? MJ
13%
Aucun quiz correspondant
Distribution des résultats
% des personnes avec chaque résultat
Percentile par nombre de réponses
Votre historique - résultats
Vous n’avez pas pris ce quiz depuis la dernière actualisation